000 00438nam a2200181Ia 4500
001 10537
005 20260306161839.0
008 260306t1994||||xx |||||||||||||| ||spa||
041 _aESP
082 _a940.2
_bL25
100 _aLarivaille, Paul
_eAUT
245 0 _aLa vida cotidiana en la Italia de Maquiavelo
260 _c1994
300 _a303 páginas :
_c18 cm.
650 _aGEN
654 _aCHU
942 _cLIB
_dJUS
_fJUS
_2ddc
_n
999 _c10537
_d10537